Follow That Line: Rocky Quiz Stats

 Plays Quiz not verified by Sporcle

Score 0/20 Timer 10:00
0 Plays Today
% Correct
and you're gonna crap thunder!
93.3%
My house stink? THAT'S RIGHT! IT STINKS!
92.7%
At least you had a prime!
91.8%
Ah, it's an improvement.
91.7%
Because I can't sing or dance.
91%
ya don't have to kiss me back if ya don't feel like it.
91%
Oh I made that up one night while I was eating dinner.
89.6%
and I jus' want ta let ya know that I am very available.
89.6%
Don't want one.
88.5%
It looks like he means business.
87%
% Correct
When you don't do what I tell you to do, you make me look bad, Rock.
86.8%
Yo, Adrian! It's me, Rocky.
86.4%
Sounds like a damn monster movie.
83.9%
they'll put us in jail for murder.
83.7%
I'm dumb, you're shy, whaddaya think, huh?
80.8%
How 'bout I stay here and you fight?
77.5%
Absolutely.
77.1%
You know that, Paulie. Because you got a big mouth. You know, you just talk too much.
50.1%
I think Rocky's got a good chance.
44%
You ain't nothin' but a bum!
38.3%

You're not logged in!

Compare scores with friends on all Sporcle quizzes.
OR
Log In

Show Comments

Extras

Top Quizzes Today


Score Distribution

Your Account Isn't Verified!

In order to create a playlist on Sporcle, you need to verify the email address you used during registration. Go to your Sporcle Settings to finish the process.

Report this User

Report this user for behavior that violates our Community Guidelines.

Details: